000 01923cam a22005294i 4500
003 PE-LiUPU
005 20250731165517.0
008 190716s1968 xxka r 000 0 eng d
020 _a0670772895
020 _a9780670772896
035 _a(Sirsi) a252310
040 _aPE-LiUPU
_bspa
_cPE-LiUPU
_erda
049 _aPRUA
082 0 4 _a004.67
_bG28
_221
100 1 _aGates, Bill,
_eautor.
245 0 4 _aThe road ahead /
_cBill Gates, Nathan Myhrvold y Peter Rinearson.
264 1 _aLondon :
_bViking,
_c1995.
300 _axiv, 286 páginas :
_bilustraciones ;
_c24 centímetros
336 _atext
_2rdacontent
337 _aunmediated
_2rdamedia
338 _avolume
_2rdacarrier
505 0 _aA revolution begins -- the beginning of the information age -- lesson fom the computer industry -- applications and appliance -- paths to the highway -- the content revolution -- implication for business -- friction -free capitalism -- education: the best investiment -- plugged in at home -- race for the gold -- critical issues.
526 _aSEG44
526 _aSEG26
526 _aP151
526 _aP150
526 _aP149
526 _aP146
526 _aP145
526 _aP126
526 _aP125
526 _aP92
526 _aP75
526 _aP74
526 _aP27
526 _aP15
650 0 4 _aCarreteras de información.
650 0 4 _aRedes de larga distancia.
700 1 _aMyhrvold, Nathan,
_eautor.
700 1 _aRinearson, Peter,
_eautor.
910 _adbm
_bksl
_cksl
_d20190716
942 _2ddc
_cBOOK
994 _aC0
_bPEPRU
596 _a1
999 _a004.67 G28
_wLC
_c31538
_i80289
_d31538
_e2019-9-1
_f2021-11-4
_g3
_lCCODEBUL1
_mBUL
_n2
_p25.00
_r0
_sY
_tBOOK
_u2019-7-16
_xBIBLIOTECA
_PP20
_0COMPRA
_o.STAFF. Colección Ciencias Humanas y Educación
980 _81
_gALBERTO SANCHEZ Responsable de Automatización